Loading...
| Science - Physics | 0 | 10 | 1 | 0 | 95 | 12 | 62.30 | 5 | 10 |
| Science - Chemistry | 0 | 9 | 2 | 0 | 80 | 40 | 68.22 | 6 | 9 |
| Fine Arts - Classical Music | 0 | 8 | 1 | 0 | 75 | 18 | 41.88 | 7 | 8 |
| Literature - European Literature | 0 | 7 | 0 | 1 | 70 | 33 | 79.43 | 3 | 6 |
| Science - Other Science | 0 | 7 | 1 | 2 | 65 | 44 | 79.71 | 0 | 4 |
| Literature - World Literature | 0 | 7 | 1 | 0 | 65 | 37 | 66.29 | 5 | 7 |
| Literature - British Literature | 0 | 6 | 0 | 1 | 60 | 55 | 94.83 | 2 | 6 |
| Science - Biology | 0 | 5 | 2 | 1 | 40 | 53 | 75.80 | 1 | 4 |
| Literature - American Literature | 0 | 3 | 0 | 0 | 30 | 67 | 89.00 | 1 | 2 |
| Fine Arts - Other Fine Arts | 0 | 3 | 0 | 1 | 30 | 93 | 114.33 | 0 | 1 |
| Social Science | 0 | 1 | 0 | 0 | 10 | 77 | 77.00 | 1 | 1 |
| Philosophy | 0 | 1 | 0 | 0 | 10 | 118 | 118.00 | 0 | 1 |
| Religion | 0 | 1 | 0 | 0 | 10 | 119 | 119.00 | 0 | 0 |
| Current Events | 0 | 1 | 0 | 0 | 10 | 64 | 64.00 | 0 | 1 |
| History - World History | 0 | 0 | 0 | 0 | 0 | 0.00 | 0 | 0 |